000 00595nam a2200181Ia 4500
005 20250508152118.0
008 008 250505s9999 xx 000 0 eng d
037 _aBooks to be hide in OPAC
040 _aFEDL
_beng
_cFEDL
041 _aeng
_2eng
084 _a150.722 06, KAL
_qFEDL
100 _aKali Prasad
245 0 _aLaboratory of experaimental psychology: Social integration research ( A study in Inter-caste relationships)
260 _aLucknow, India
_bUniversity of Lucknow
_c1957
300 _a50p
942 _cHB
_h150.722 06, KAL
999 _c1334315
_d1334315